00935nac a22002417a 4500001001000000003000900010005001700019008003400036040005400070072000800124100001400132110009600146245019500242260003600437300000900473490012100482650000900603650001000612650001700622650001400639650001900653650002100672BR7604348BR-BrBNA20240105114006.0230509b bl.|||m| |||| 00| 0 por d aBR-BrBNAbporcBiblioteca Nacional de Agricultura aH601 aRamos, M.1 aEmpresa Brasileira de Pesquisa Agropecuaria, Curitiba, PR. Representacao Estadual no Parana1 aEfeito de doses e epocas de aplicacao do produto HOE 23408 no controle do papua (Brachiaria plantaginea), em tratamento de pos-emergencia, na cultura da soja [erva daninha, controle quimico]3 aCuritiba, PR (Brasil): c1976.  a3 p. aComunicado Tecnico - Empresa Brasileira de Pesquisa Agropecuaria. Representacao Estadual no Parana (Brazil)vno. 3x aSOJA aPAPUA aERVA DANINHA aHERBICIDA aPOS-EMERGENCIA aCONTROLE QUIMICO